Escuela Elemental del Trabajo de la Diputación de Provincial de Barcelona / Escuela Elemental del Trabajo
Descripción Física:
8 p. : il. ; 21 cm
MARC
| LEADER | 00000nam a2200000Ia 4500 | ||
|---|---|---|---|
| 001 | 17467 | ||
| 008 | 160829s1945 xx 000 0 cat d | ||
| 080 | |a FU-47-51 | ||
| 100 | |a Escola Elemental del Treball (Barcelona) |9 55345 | ||
| 245 | |a Escuela Elemental del Trabajo de la Diputación de Provincial de Barcelona / Escuela Elemental del Trabajo | ||
| 260 | |a Barcelona: |b [La Escuela. Artes Gráficas], |c 1945 | ||
| 300 | |a 8 p. : |b il. ; |c 21 cm | ||
| 590 | |a Prové de S-444 | ||
| 650 | |a Escola Elemental del Treball (Barcelona) |x Currículums |x S. XX |9 47155 | ||
| 710 | 1 | |a Barcelona (Catalunya : Província). |b Diputació |9 52408 | |
| 856 | 4 | |u https://media.diba.cat/diba/fitxers/arxiu/fulletons/bib_17467_1945_baixa.pdf |y Accés lliure | |
| 856 | 4 | |u https://media.diba.cat/diba/fitxers/arxiu/fulletons/bib_17467_1945_baixa.pdf |y Accés lliure | |
| 901 | |a Arxiu | ||
| 942 | |n 1 |2 udc | ||
| 952 | |0 0 |1 0 |4 0 |6 FU4751 |7 1 |9 53699 |a Arxiu |b Arxiu |d 2016-12-01 |l 0 |o FU-47-51 |p 17467 |r 2016-12-01 00:00:00 |w 2016-12-01 |y ARXIU | ||
| 999 | |c 57565 |d 57565 | ||
| 900 | |a bib_17467_1945_baixa.pdf | ||